Química del agua

Bibliographic Details
Main Authors: Sndeyink, Vernon L., Jenkins, David
Format: Section = Libro
Language:Undetermined
Spanish
Published: México Limusa 2004
Subjects:
LEADER 00588nam a2200229Ia 4500
008 240829s9999 xx 000 0 und d
020 |a 968-18-1608-0 
040 |a BIBLIOTECA-RUSB/ 540 S673 
041 |a spa 
082 |a 540 S673 
100 1 |a Sndeyink, Vernon L.  
100 1 |b  Jenkins, David 
245 1 0 |a Química del agua 
260 |a México  |b Limusa  |c 2004 
300 |a 508 p. :il. 
650 7 |a QUIMICA - AGUA 
650 7 |b  CINETICA QUIMICA 
650 7 |c  EQUILIBRIO QUIMICO 
650 7 |d  REACCIONES DE OXIDACION - REDUCCION 
942 |c BK  |2 ddc 
991 |a TEXTO 
999 |c 2318